Biblioteca

Contextualizing the gospel among the saxons: (Registro nro. 70351)

Detalles MARC
000 -LÍDER
Campo fijo de descripción fija 01543nab a2200253 i 4500
001 - NÚMERO DE CONTROL
Campo de control 768714001
003 - IDENTIFICADOR DEL NÚMERO DE CONTROL
Campo de control CO-MdFUSB
005 - FECHA Y HORA DE LA ULTIMA TRANSACCIÓN
control field 20240626093953.0
008 - ELEMENTOS DE LONGITUD FIJA -- INFORMACIÓN GENERAL
Campo fijo de descripción fija -- Información general 240626t1994 us ||||| |||| 00| 0 eng d
040 ## - FUENTE DE CATALOGACIÓN
Idioma de catalogación spa
Agencia que realiza la transcripción CO-MdFUSB
Agencia que realiza la modificación CO-MdFUSB
041 ## - CÓDIGO DE IDIOMA
Código de idioma para texto/pista de sonido o título separado eng
100 ## - ASIENTO PRINCIPAL--NOMBRE PERSONAL
Nombre personal Hayward, Douglas,
Fechas asociadas con el nombre 1919-
Término relacionador autor
245 ## - TÍTULO
Título Contextualizing the gospel among the saxons:
Subtitulo an example from the ninth century of the cultural adaptation of the gospel as found in The Heliand
Mención de responsabilidad / Douglas Hayward
520 ## - NOTA DE RESUMEN, ETC.
Nota de sumario, etc. A mediados del siglo IX, los misioneros cristianos entre los alemanes propagaron el evangelio cantando la historia de la vida de Cristo en los salones de hidromiel de los nobles guerreros sajones. Este artículo, basado en una nueva traducción e interpretación del texto de esa canción (The Heliand) de G. Ronald Murphy, SJ, examina la manera en que esos misioneros buscaron adaptar la vida y el testimonio de Jesucristo a la vida y los tiempos de el pueblo sajón. Este autor identifica tres preocupaciones principales de la contextualización en cada época y muestra cómo se abordaron hace más de mil años.
546 ## - NOTA DE IDIOMA
Nota de idioma Texto en inglés.
650 #0 - ASIENTO SECUNDARIO DE MATERIA - TERMINO TEMÁTICO
Término temático o nombre geográfico como elemento de entrada Misiones
9 (RLIN) 154
650 #0 - ASIENTO SECUNDARIO DE MATERIA - TERMINO TEMÁTICO
Término temático o nombre geográfico como elemento de entrada Cristianismo y otras religiones
9 (RLIN) 1247
650 #7 - ASIENTO SECUNDARIO DE MATERIA - TERMINO TEMÁTICO
Término temático o nombre geográfico como elemento de entrada Hermenéutica
9 (RLIN) 418
650 #7 - ASIENTO SECUNDARIO DE MATERIA - TERMINO TEMÁTICO
Término temático o nombre geográfico como elemento de entrada Cristología
9 (RLIN) 239
653 ## - TÉRMINO DE INDIZACIÓN - NO CONTROLADO
Término no controlado Pueblo sajón
773 0# - ASIENTO DE ITEM FUENTE
Biblionumber 49486
Itemnumber 61122
Lugar, editorial y fecha de publicación Pasadena
Otro identificador del ítem R0892
Título Missiology:
Número de control del registro (CO-MdFUSB)97
Parte(s) relacionada(s) / Volumen., número. (mes año), páginas Volumen 22, (número 4, 1994) páginas: 439 - 453
Enumeración y primera página página: 439
942 ## - TIPO DE MATERIAL (KOHA)
Tipo de Item KOHA Revistas y Fascículos
945 ## - INFORMACIÓN LOCAL DEL REGISTRO
Catalogador Catherine Arias Álvarez - Practicante SENA

No hay ítems disponibles.

Biblioteca FUSBC | Teléfono: (57+4) 349 88 10 Ext. 141| WhatsApp (+57) 3005338115 
E-mail: biblioteca@unisbc.edu.co | Calle 76 87-14 Robledo Palenque, Medellín, Colombia

Con tecnología Koha